Modelos pedagógicos asociados a las políticas de dotación masiva de equipamiento en Latinoamérica.

Na minha lista:
Detalhes bibliográficos
Autor principal: Doval, Luis (autor)
Formato: Livro
Idioma:espanhol
Assuntos:
Acesso em linha:Ver documento en línea
Tags: Adicionar Tag
Sem tags, seja o primeiro a adicionar uma tag!

MARC

LEADER 00000nam^a2200000^u^4500
001 000524384
005 20260512000000.0
008 121129s1000^^^^^^^^^^^^r^^^^^000^0^eng^d
009 20260512123737.073
035 |a FCE 000068628 
037 |a Acervo ITESO - Biblioteca 
041 |a spa 
095 |a 525 
100 |a Doval, Luis  |e (autor) 
245 1 0 |a Modelos pedagógicos asociados a las políticas de dotación masiva de equipamiento en Latinoamérica. 
264 |a Argentina:  |b RELPE: OEI,  |c 2012. 
300 |a 60 p. 
336 |a texto  |b txt  |2 rdacontenido 
337 |a sin mediación  |b n  |2 rdamedio 
338 |a volumen  |b nc  |2 rdasoporte 
649 |a XX 
650 |a Programas 
650 |a Políticas 
650 |a Integración 
650 |a Propuesta educativa 
650 |a Tecnologías de la información y la comunicación (TIC) 
650 |a Prácticas docentes 
856 4 0 |u https://www.relpe.org/wp-content/uploads/2012/11/12-Modelos-pedag%C3%B3gicos-asociados-a-las-pol%C3%ADticas-de-dotaci%C3%B3n-masiva-de-equipamiento-en-Latinoam%C3%A9rica_Layout-1.pdf  |y Ver documento en línea 
910 |a Fondo Centro de Estudios Educativos 
920 |a Impresos - Libros 
930 |a Fondos Especiales 
905 |a 133 
902 |a https://opac.biblio.iteso.mx/vufind/Record/000524384